| 000 | 00431nam a2200169Ia 4500 | ||
|---|---|---|---|
| 005 | 20240823005651.0 | ||
| 008 | 240823s9999||||xx |||||||||||||| ||und|| | ||
| 082 | _A004.22 N1 | ||
| 100 | _a"Bartee,Thomas C" | ||
| 245 | 0 | _aComputer Architecture and Logic Design | |
| 250 | _a1st | ||
| 260 |
_c1991 _b"MGH,New York" |
||
| 500 | _aYES | ||
| 650 |
_aComputer Architecture _bComputer Applications |
||
| 942 | _cBK | ||
| 999 |
_c156385 _d156385 |
||